Cantos da torcida do Flamengo (#14) - Statistics

Estatísticas Gerais
  • Esse quiz foi jogado 16 vezes
  • A pontuação média é 25 de 34
Estatísticas das Respostas
Resposta % Correto
Eu
100%
jamais
100%
vou
100%
A
86%
esquecer
86%
2023
79%
4
79%
5
79%
de
79%
de
79%
Dia
79%
fez
79%
Junho
79%
que
79%
tu
79%
vergonha
79%
Metemos
71%
a
64%
abandonou
64%
acabou
64%
as
64%
Bacalhau
64%
e
64%
e
64%
faixas
64%
farsa
64%
Foi
64%
intervalo,
64%
Januário
64%
no
64%
ordinário,
64%
quebrar
64%
retirou
64%
São
64%
Nenhum quiz correspondente encontrado
Distribuição das Pontuações
Porcentagem de Pessoas com Cada Pontuação
Percentil de Números Respondidos
Sua Pontuação Histórica
Você não jogou esse quiz